00764 2200241 4500001002100000005001700021008004100038020003000079035002500109040001200134082001000146090001500156100001800171245015000189250001000339260004000349300003700389504002700426650002100453850001200474990001800486990001800504YOGYA-0411000000102220150428110456.0 ind  a978 - 979 - 461 - 733 - 5 a0010-041100000001022 aYOPDYOG a155.5 a155.5bBis aBisono , Tika aWe have a problem, but Im on your aide....!b: Berbagi pengalaman persoalan remaja ditinjau dari aspek empati dan solusi orang tuac/ Tika Bisono aEd. 1 aJakartabPustaka Populer Oborc2009 aXii, 214 hlm. :bIlus. ;c20 cm. aBibliografi : Hlm. 211 aPsikologi Remaja aYOPDYOG a53381-PD/B.10 a53381-pd/b.10